000 00578cam a2200205 4500500
005 20260329001403.0
041 _afre
042 _adc
100 1 0 _aThiaw-
_eauthor
245 0 0 _aLe retour des surhommes
260 _c2006.
500 _a31
690 _aClonage
690 _aEugénisme
690 _aHabermas
690 _aPeter Sloterdijk
690 _aSurhommes
786 0 _nPhilosophie magazine | 5 | 12 | 2006-12-01 | p. 14-14 | 1951-1787
856 4 1 _uhttps://shs.cairn.info/magazine-philosophie-magazine-2006-12-page-14?lang=fr&redirect-ssocas=7080
999 _c1804913
_d1804913